000 00603nam a2200229Ia 4500
003 OSt
005 20220928122231.0
006 a|||||r|||| 00| 0
007 ta
008 220927b |||||||| |||| 00| 0 eng d
024 _a89666
037 _cTextual
040 _aSDCL
_cSDCL
_beng
041 _2eng
_aeng
082 _aX9W:8.2, K4
100 _aKhera S S
_9434623
245 0 _aManagement and control in public enterprise
260 _aBombay
_bAsia Public House
_c1964
300 _axiv,270p
_ccm.
942 _hX9W:8.2, K4
_cTEXL
_2CC
999 _c770318
_d770318